| 000 | 01498nam0a2200373 4500 | ||
|---|---|---|---|
| 001 | RU\NLR\BIBL_A\021971527 | ||
| 005 | 20230828113410.0 | ||
| 010 |
_a978-5-7205-1922-3 _9100 |
||
| 021 |
_aRU _bКН-П-23-031100 _9КН-П-23-3082 |
||
| 035 | _a(NLR Aleph) 021971527 | ||
| 090 |
_a12363494 _c12363494 |
||
| 100 | _a20230630d2023 k y0rusy50 ca | ||
| 101 | 0 | _arus | |
| 102 | _aRU | ||
| 105 | _ay|||z||||||z| | ||
| 181 | 0 |
_ai _baxxe |
|
| 182 | 0 | _an | |
| 200 | 1 |
_aПравовое регулирование санитарных и фитосанитарных норм в ВТО _eмонография _fЯ. В. Тараканова |
|
| 203 |
_aТекст _bвизуальный _cнепосредственный |
||
| 210 |
_aМосква _cЮСТИЦИНФОРМ _d2023 |
||
| 215 |
_a159 с. _d22 |
||
| 225 | 1 | _aСерия Наука | |
| 320 | _aБиблиогр.: с. 151-159, в подстроч. примеч. и в тексте | ||
| 333 | _a16+ | ||
| 601 | 0 | 2 |
_aВсемирная торговая организация _xСанитарные нормы и правила _xПравовое регулирование _92563205 _3RU\NLR\AUTH\6601728238 |
| 686 | 1 | _aХ916.14-321.1 | |
| 686 | 1 | _aР193.23 | |
| 700 | 1 |
_aТараканова _bЯ. В. |
|
| 711 | 0 | 2 |
_aВсемирная торговая организация _9435148 _3RU\NLR\AUTH\889969399 |
| 942 | _cBOOK | ||
| 980 | _aNB | ||